[Event "IRI-ch Online"]
[Site "Chess.com INT"]
[Date "2021.03.15"]
[Round "1"]
[White "Sakhayi, Mostafa"]
[Black "Jafari, Parsa"]
[Result "0-1"]
[WhiteElo "2211"]
[BlackElo "1666"]
[PlyCount "90"]
[EventDate "2021.03.15"]
[EventType "swiss (rapid)"]
[EventRounds "11"]
[EventCountry "IRI"]
[SourceTitle "CBM 201 Extra"]
[Source "ChessBase"]
[SourceDate "2021.05.31"]
[SourceVersion "1"]
[SourceVersionDate "2021.05.31"]
[SourceQuality "1"]

1. d4 Nf6 2. c4 e5 3. dxe5 Ng4 4. Nf3 Bc5 5. e3 Nc6 6. Nc3 0-0 7. Be2 Ngxe5 8. Nxe5 Nxe5 9. 0-0 Re8 10. b3 a5 11. Na4 Ba7 12. Bb2 d6 13. c5 d5 14. Qd4 f6 15. Rfd1 Be6 16. Qf4 Ng6 17. Qg3 c6 18. f4 Bf5 19. Bd4 Qe7 20. h4 Bb8 21. Bf3 Bc7 22. h5 Nf8 23. Nc3 Ne6 24. Bxd5 cxd5 25. Nxd5 Qf7 26. Nxf6+ Kh8 27. Nxe8 Rxe8 28. h6 Nxd4 29. exd4 gxh6 30. d5 Bd8 31. d6 Rg8 32. Qe3 Bf6 33. Rac1 Bd7 34. Rd2 Bc6 35. Re1 Qg7 36. Ree2 h5 37. Qe6 Bd4+ 38. Kf1 Bb5 39. Qe4 Bxe2+ 40. Kxe2 Qxg2+ 41. Kd3 Rg3+ 42. Kxd4 Qxd2+ 43. Ke5 Re3 44. Qxe3 Qxe3+ 45. Kd5 Qe8 0-1

[Event "Avicenna op 16th"]
[Site "Hamedan"]
[Date "2019.09.15"]
[Round "5"]
[White "Moradi, Amirmasoud"]
[Black "Sakhayi, Mostafa"]
[Result "1/2-1/2"]
[WhiteElo "2365"]
[BlackElo "2202"]
[PlyCount "136"]
[EventDate "2019.09.12"]
[EventType "swiss"]
[EventRounds "9"]
[EventCountry "IRI"]
[SourceTitle "EXT 2020"]
[Source "ChessBase"]
[SourceDate "2019.10.17"]
[SourceVersion "1"]
[SourceVersionDate "2019.10.17"]
[SourceQuality "1"]

1. e4 e5 2. Nf3 Nc6 3. d3 Nf6 4. g3 d5 5. exd5 Qxd5 6. Bg2 Bg4 7. h3 Bxf3 8. Qxf3 Qxf3 9. Bxf3 Nd4 10. Bd1 0-0-0 11. 0-0 h5 12. Nd2 h4 13. g4 Nd5 14. Nf3 Bd6 15. Ng5 Rd7 16. c3 Ne6 17. Nxe6 fxe6 18. Bf3 Rf7 19. Be4 Rhf8 20. Kg2 Bc5 21. f3 Ne3+ 22. Bxe3 Bxe3 23. Rfb1 c5 24. Kf1 Rd8 25. Ke2 Bf4 26. b3 b6 27. a4 a6 28. b4 c4 29. Rd1 Rc7 30. dxc4 Rxc4 31. Rxd8+ Kxd8 32. Rd1+ Ke7 33. Kd3 Rc7 34. Kc2 Rd7 35. Bd3 a5 36. bxa5 bxa5 37. Rb1 g5 38. Rb5 Rd5 39. Rb7+ Rd7 40. Rb5 Rd5 41. Rb8 Rd8 42. Rb6 Rd6 43. Rb1 Be3 44. Re1 Bf4 45. Re2 Rb6 46. Bb5 Kd6 47. Re4 Rb7 48. Kb3 Rc7 49. Re1 Bd2 50. Rd1 Rxc3+ 51. Kb2 Rxf3 52. Rxd2+ Kc5 53. Rh2 e4 54. Kc2 Kd4 55. Kd1 e3 56. Ke1 e5 57. Bf1 Kc3 58. Ra2 Kb3 59. Ra1 e4 60. Ke2 Kb4 61. Rd1 Kxa4 62. Rd4+ Kb3 63. Rxe4 Rf2+ 64. Ke1 Rf3 65. Bc4+ Kc3 66. Bf1 Kb3 67. Bc4+ Kc3 68. Bf1 Kb3 1/2-1/2

[Event "Fajr op 25th"]
[Site "Sareyn"]
[Date "2017.02.02"]
[Round "8"]
[White "Sakhayi, Mostafa"]
[Black "Javanbakht, Nima"]
[Result "1/2-1/2"]
[WhiteElo "2204"]
[BlackElo "2406"]
[PlyCount "113"]
[EventDate "2017.01.28"]
[EventType "swiss"]
[EventRounds "11"]
[EventCountry "IRI"]
[SourceTitle "CBM 176 Extra"]
[Source "ChessBase"]
[SourceDate "2017.03.02"]
[SourceVersion "1"]
[SourceVersionDate "2017.03.02"]
[SourceQuality "1"]

1. e4 c5 2. Nf3 Nc6 3. Bb5 g6 4. Bxc6 dxc6 5. d3 Bg7 6. h3 b6 7. Nc3 e5 8. a3 a5 9. Be3 a4 10. Qd2 h6 11. 0-0 Ne7 12. Nh2 Be6 13. f4 exf4 14. Rxf4 g5 15. Rf2 0-0 16. h4 f6 17. Ne2 Ng6 18. h5 Ne5 19. Ng3 Ng4 20. Nxg4 Bxg4 21. d4 f5 22. Nxf5 Bxf5 23. Rxf5 Rxf5 24. exf5 cxd4 25. Bf2 Qd5 26. Qd3 Bf6 27. Re1 Kf7 28. Re6 Re8 29. Rxe8 Kxe8 30. Qa6 b5 31. Qc8+ Kf7 32. Qb7+ Be7 33. Qc8 c5 34. g4 Qe4 35. Kf1 d3 36. cxd3 Qxd3+ 37. Kg2 Qd5+ 38. Kh2 Bd6+ 39. Bg3 Bxg3+ 40. Kxg3 Qb3+ 41. Kf2 Qxb2+ 42. Kf3 Qc3+ 43. Ke2 Qc4+ 44. Kd2 Qd4+ 45. Kc2 Qf2+ 46. Kc3 Qe3+ 47. Kc2 Qe2+ 48. Kc3 Qc4+ 49. Kd2 Qa2+ 50. Kd1 Qd5+ 51. Kc2 Qg2+ 52. Kc3 Qg3+ 53. Kc2 Qf2+ 54. Kc3 Qe3+ 55. Kc2 Qe4+ 56. Kc1 Qe3+ 57. Kc2 1/2-1/2

[Event "Fajr op 25th"]
[Site "Sareyn"]
[Date "2017.01.31"]
[Round "6"]
[White "Sakhayi, Mostafa"]
[Black "Mirzoev, Azer"]
[Result "1/2-1/2"]
[WhiteElo "2204"]
[BlackElo "2537"]
[PlyCount "186"]
[EventDate "2017.01.28"]
[EventType "swiss"]
[EventRounds "11"]
[EventCountry "IRI"]
[SourceTitle "CBM 176 Extra"]
[Source "ChessBase"]
[SourceDate "2017.03.02"]
[SourceVersion "1"]
[SourceVersionDate "2017.03.02"]
[SourceQuality "1"]

1. c4 e6 2. Nc3 d5 3. d4 a6 4. cxd5 exd5 5. Nf3 c6 6. Qc2 Bd6 7. Bg5 Ne7 8. Bxe7 Bxe7 9. e3 Nd7 10. Bd3 Nf6 11. h3 Bd6 12. 0-0-0 0-0 13. g4 g6 14. Ne5 c5 15. f4 cxd4 16. exd4 b5 17. Kb1 Bb7 18. g5 Nh5 19. f5 Nf4 20. h4 Bxe5 21. dxe5 Qc7 22. h5 d4 23. hxg6 Bxh1 24. g7 Rfd8 25. Rxh1 dxc3 26. Qh2 h5 27. gxh6 Qxe5 28. Qg3 Kh7 29. Bc2 Rd2 30. Re1 Qd4 31. bxc3 Qf2 32. Qxf2 Rxf2 33. Re7 Kxh6 34. Rxf7 Rg8 35. f6 Nh5 36. Bb3 Nxf6 37. Rxf6+ Rxf6 38. Bxg8 Kxg7 39. Bb3 Rf2 40. a3 Kf6 41. c4 bxc4 42. Bxc4 a5 43. a4 Ke5 44. Bb5 Kd4 45. Kc1 Kc3 46. Kd1 Rd2+ 47. Ke1 Rd4 48. Ke2 Re4+ 49. Kd1 Re6 50. Be2 Rd6+ 51. Ke1 Kc2 52. Bb5 Re6+ 53. Kf2 Kb3 54. Kf3 Re7 55. Kf4 Kc3 56. Kf3 Kd4 57. Kf2 Re3 58. Ba6 Ke4 59. Bb5 Kf4 60. Ba6 Ra3 61. Bb5 Ra2+ 62. Ke1 Ke3 63. Kd1 Kd4 64. Ke1 Kc3 65. Kd1 Rd2+ 66. Ke1 Rd6 67. Ke2 Re6+ 68. Kf2 Kd2 69. Kf3 Re7 70. Ba6 Re3+ 71. Kf4 Re1 72. Bb5 Kc3 73. Kf3 Kb3 74. Kf4 Kc3 75. Kf3 Kd4 76. Kf2 Re3 77. Be2 Re5 78. Bb5 Re4 79. Kf3 Re3+ 80. Kf2 Ke4 81. Ba6 Kf4 82. Bb5 Re4 83. Bc6 Rc4 84. Bb5 Rc2+ 85. Ke1 Ke3 86. Kd1 Rh2 87. Kc1 Kd4 88. Kd1 Kc3 89. Ke1 Rh4 90. Ke2 Re4+ 91. Kf3 Kd4 92. Kf2 Re3 93. Ba6 Re7 1/2-1/2

[Event "IRI-ch sf"]
[Site "Arak"]
[Date "2016.11.21"]
[Round "1"]
[White "Lorparizangeneh, Shahin"]
[Black "Sakhayi, Mostafa"]
[Result "1/2-1/2"]
[WhiteElo "2507"]
[BlackElo "2148"]
[PlyCount "147"]
[EventDate "2016.11.21"]
[EventType "swiss"]
[EventRounds "9"]
[EventCountry "IRI"]
[SourceTitle "CBM 175 Extra"]
[Source "ChessBase"]
[SourceDate "2016.12.12"]
[SourceVersion "1"]
[SourceVersionDate "2016.12.12"]
[SourceQuality "1"]

1. g3 d5 2. Nf3 Nc6 3. d4 Bf5 4. Bg2 Nb4 5. Na3 e6 6. c3 Nc6 7. Qb3 Rb8 8. Nh4 Bg4 9. h3 Bh5 10. e4 dxe4 11. Bxe4 Be7 12. Qb5 Nf6 13. Bg2 Nd5 14. Nf5 exf5 15. Bxd5 Bxa3 16. bxa3 Qe7+ 17. Be3 0-0 18. 0-0 f4 19. gxf4 a6 20. Qb2 Qd7 21. Bg2 Ne7 22. f3 Nf5 23. Bf2 Qc6 24. Qc2 Bg6 25. Qd2 Rbd8 26. Rfc1 Bh5 27. Qd3 Qf6 28. Re1 Bg6 29. Qe2 Qc6 30. Rac1 Rfe8 31. Qd2 Qd6 32. a4 h6 33. Rxe8+ Rxe8 34. c4 Rd8 35. Rd1 c6 36. a5 Qa3 37. d5 cxd5 38. cxd5 Nd6 39. Rc1 Nb5 40. Bb6 Re8 41. Bc5 Re2 42. Bxa3 Rxd2 43. Bc5 Rxd5 44. Bb6 Bf5 45. Bf1 Nd4 46. Rc7 Nxf3+ 47. Kf2 Nh4 48. Rxb7 Rd2+ 49. Kg3 g5 50. fxg5 hxg5 51. Be3 Rxa2 52. Bxg5 Ng6 53. Bd8 Ra3+ 54. Kf2 Nf4 55. Bxa6 Nxh3+ 56. Ke1 Nf4 57. Rb8 Kg7 58. Bb6 Nd3+ 59. Kd2 Ne5 60. Bb5 Be6 61. Bd4 f6 62. Rb7+ Kg6 63. Bxe5 fxe5 64. a6 Kf5 65. a7 Bd5 66. Rd7 Ke6 67. Rh7 e4 68. Rh6+ Ke5 69. Ba6 Kd4 70. Rd6 e3+ 71. Ke1 Ra1+ 72. Ke2 Ra2+ 73. Kf1 Ra1+ 74. Ke2 1/2-1/2

[Event "IRI-chT 14th"]
[Site "Tehran"]
[Date "2015.09.18"]
[Round "8.3"]
[White "Omidi, Arya"]
[Black "Sakhayi, Mostafa"]
[Result "1-0"]
[WhiteElo "2252"]
[BlackElo "2184"]
[PlyCount "91"]
[EventDate "2015.07.17"]
[EventType "team-tourn"]
[EventRounds "13"]
[EventCountry "IRI"]
[SourceTitle "EXT 2016"]
[Source "ChessBase"]
[SourceDate "2015.10.08"]
[SourceVersion "1"]
[SourceVersionDate "2015.10.08"]
[SourceQuality "1"]
[WhiteTeam "Rasht Donyaye Felez"]
[BlackTeam "Tarbiat Qom"]
[WhiteTeamCountry "IRI"]
[BlackTeamCountry "IRI"]

1. e4 e5 2. Nf3 Nc6 3. Bb5 a6 4. Ba4 Nf6 5. d3 b5 6. Bb3 Be7 7. 0-0 0-0 8. Nbd2 d6 9. a4 Bd7 10. axb5 axb5 11. Rxa8 Qxa8 12. c3 Na5 13. Bc2 c5 14. Re1 Qb7 15. Nf1 b4 16. Ne3 bxc3 17. bxc3 Be6 18. h3 Rc8 19. Ng5 Bb3 20. Nf5 Bxc2 21. Qxc2 h6 22. Nf3 Bf8 23. g4 Qb3 24. Qd2 Qe6 25. Kh2 Nb3 26. Qd1 Nxc1 27. Qxc1 c4 28. d4 exd4 29. N3xd4 Qe5+ 30. f4 Qc5 31. Qc2 Re8 32. Ng3 g6 33. Rb1 Bg7 34. Qa4 Kh7 35. Rb7 Kg8 36. Rb4 Rc8 37. Qa6 d5 38. e5 Ne4 39. Rb5 Qc7 40. Rb7 Qc5 41. Nxe4 dxe4 42. Rd7 Rb8 43. e6 Rf8 44. exf7+ Rxf7 45. Qe6 Qf8 46. Nb5 1-0

[Event "IRI-chT 14th"]
[Site "Tehran"]
[Date "2015.09.17"]
[Round "7.3"]
[White "Sakhayi, Mostafa"]
[Black "Roghani, Arash"]
[Result "1-0"]
[WhiteElo "2184"]
[BlackElo "2339"]
[PlyCount "107"]
[EventDate "2015.07.17"]
[EventType "team-tourn"]
[EventRounds "13"]
[EventCountry "IRI"]
[SourceTitle "EXT 2016"]
[Source "ChessBase"]
[SourceDate "2015.10.08"]
[SourceVersion "1"]
[SourceVersionDate "2015.10.08"]
[SourceQuality "1"]
[WhiteTeam "Tarbiat Qom"]
[BlackTeam "Saipa"]
[WhiteTeamCountry "IRI"]
[BlackTeamCountry "IRI"]

1. d4 Nf6 2. c4 e6 3. Nc3 d5 4. Bg5 Be7 5. e3 0-0 6. Rc1 Nbd7 7. Nf3 a6 8. cxd5 exd5 9. Bd3 c6 10. 0-0 Re8 11. Qc2 Nf8 12. h3 Be6 13. Bxf6 Bxf6 14. Na4 Be7 15. Nc5 Bc8 16. Rfe1 g6 17. e4 dxe4 18. Bxe4 Ne6 19. Nxe6 Bxe6 20. Bxg6 hxg6 21. Rxe6 Bf6 22. Rxe8+ Qxe8 23. Qb3 Qd7 24. Ne5 Qc7 25. Nxg6 Bxd4 26. Re1 Bf6 27. Qf3 Qd6 28. Rd1 Qe6 29. Nf4 Qxa2 30. b3 Rd8 31. Rxd8+ Bxd8 32. Qg4+ Kf8 33. Qd7 Qa1+ 34. Kh2 Qf6 35. g3 Qe7 36. Qf5 Qd6 37. h4 a5 38. h5 b5 39. Ng6+ Kg7 40. Ne5 Qf6 41. Qg4+ Kh8 42. f4 a4 43. bxa4 bxa4 44. Qd7 Kg7 45. Qa7 Qf5 46. h6+ Kxh6 47. Nxf7+ Kh5 48. Ne5 Kh6 49. Qxa4 Bf6 50. g4 Qh7 51. Qxc6 Kg7+ 52. Kg2 Qh4 53. Qd7+ Kh6 54. Nf3 1-0

[Event "Urmai Sardaran op 4th"]
[Site "Urmia"]
[Date "2015.07.22"]
[Round "1"]
[White "Tabatabaei, Mohammad Amin"]
[Black "Sakhayi, Mostafa"]
[Result "1-0"]
[WhiteElo "2441"]
[BlackElo "2172"]
[PlyCount "71"]
[EventDate "2015.07.22"]
[EventType "swiss"]
[EventRounds "9"]
[EventCountry "IRI"]
[SourceTitle "EXT 2016"]
[Source "ChessBase"]
[SourceDate "2015.10.08"]
[SourceVersion "1"]
[SourceVersionDate "2015.10.08"]
[SourceQuality "1"]

1. c4 e6 2. Nc3 d5 3. d4 Bb4 4. Qb3 c5 5. a3 Bxc3+ 6. Qxc3 cxd4 7. Qxd4 Nf6 8. e3 Nc6 9. Qc3 0-0 10. b4 e5 11. cxd5 Nxd5 12. Qb2 Be6 13. Nf3 e4 14. Nd4 Qg5 15. h4 Qg4 16. Nxc6 bxc6 17. h5 Rfd8 18. Bd2 a5 19. bxa5 Rab8 20. Qc2 f5 21. g3 Qg5 22. Bc4 h6 23. a6 Bf7 24. Rb1 Rxb1+ 25. Qxb1 Bxh5 26. Qb7 Kh7 27. Bxd5 Rxd5 28. a7 Qg4 29. 0-0 f4 30. Bc3 fxg3 31. Qxg7+ Qxg7 32. Bxg7 Ra5 33. Bd4 Bf3 34. fxg3 Kg6 35. Rb1 Kf5 36. Rb8 1-0

[Event "IRI-ch"]
[Site "Mashhad"]
[Date "2015.01.25"]
[Round "9"]
[White "Sakhayi, Mostafa"]
[Black "Tavakolian, M."]
[Result "1-0"]
[WhiteElo "2172"]
[BlackElo "2137"]
[PlyCount "68"]
[EventDate "2015.01.20"]
[EventType "swiss"]
[EventRounds "11"]
[EventCountry "IRI"]
[SourceTitle "CBM 164 Extra"]
[Source "ChessBase"]
[SourceDate "2015.03.02"]
[SourceVersion "1"]
[SourceVersionDate "2015.03.02"]
[SourceQuality "1"]

1. d4 d5 2. c4 e6 3. Nc3 f5 4. Nf3 Nf6 5. Bf4 c6 6. e3 Be7 7. Qc2 0-0 8. h3 Ne4 9. g4 Nd7 10. cxd5 exd5 11. gxf5 Ndf6 12. Bd3 Bxf5 13. Nh4 Be6 14. 0-0-0 Nxc3 15. bxc3 Ne4 16. f3 Ba3+ 17. Kb1 Qxh4 18. fxe4 dxe4 19. Bxe4 a5 20. Bd3 a4 21. Rhg1 Ra5 22. Rg2 Bf5 23. c4 Bxd3 24. Qxd3 Be7 25. Rdg1 Bf6 26. Qe4 Qxh3 27. Be5 Bxe5 28. dxe5 Rf7 29. e6 Re7 30. Qd4 Qf5+ 31. e4 Qxe6 32. Rxg7+ Kf8 33. Rg8+ Qxg8 34. Rxg8+ Kxg8 1-0

[Event "IRI-ch"]
[Site "Mashhad"]
[Date "2015.01.22"]
[Round "4"]
[White "Khamisi, S Jafar"]
[Black "Sakhayi, Mostafa"]
[Result "0-1"]
[WhiteElo "2127"]
[BlackElo "2172"]
[PlyCount "64"]
[EventDate "2015.01.20"]
[EventType "swiss"]
[EventRounds "11"]
[EventCountry "IRI"]
[SourceTitle "CBM 164 Extra"]
[Source "ChessBase"]
[SourceDate "2015.03.02"]
[SourceVersion "1"]
[SourceVersionDate "2015.03.02"]
[SourceQuality "1"]

1. e4 c5 2. Nf3 d6 3. d4 cxd4 4. Nxd4 Nf6 5. Nc3 a6 6. f3 e5 7. Nb3 Be6 8. Be3 Be7 9. Qd2 0-0 10. 0-0-0 a5 11. a4 Nc6 12. g4 Nb4 13. g5 Ne8 14. Kb1 Nc7 15. f4 exf4 16. Bxf4 d5 17. Qg2 Bd6 18. Bxd6 Qxd6 19. Bc4 Rfd8 20. Rd4 Nc6 21. Rd2 d4 22. Nb5 Nxb5 23. Bxb5 Qb4 24. Qf2 d3 25. Rxd3 Rxd3 26. Bxd3 Qxa4 27. Qb6 Nb4 28. Rd1 Bxb3 29. cxb3 Qxb3 30. Be2 Qa2+ 31. Kc1 Rc8+ 32. Kd2 Qxb2+ 0-1

[Event "IRI-ch"]
[Site "Mashhad"]
[Date "2015.01.21"]
[Round "2"]
[White "Alavi, Sayed Javad"]
[Black "Sakhayi, Mostafa"]
[Result "1-0"]
[WhiteElo "2454"]
[BlackElo "2172"]
[PlyCount "87"]
[EventDate "2015.01.20"]
[EventType "swiss"]
[EventRounds "11"]
[EventCountry "IRI"]
[SourceTitle "CBM 164 Extra"]
[Source "ChessBase"]
[SourceDate "2015.03.02"]
[SourceVersion "1"]
[SourceVersionDate "2015.03.02"]
[SourceQuality "1"]

1. Nf3 Nf6 2. c4 e6 3. g3 d5 4. d4 Be7 5. Bg2 0-0 6. 0-0 dxc4 7. Qc2 a6 8. a4 Bd7 9. Rd1 Bc6 10. Nc3 Bxf3 11. Bxf3 Nc6 12. Bxc6 bxc6 13. a5 Rb8 14. Ra4 Rb4 15. Na2 Rb5 16. Qxc4 Qd5 17. Nc3 Qxc4 18. Rxc4 Rxa5 19. Rxc6 Nd5 20. e4 Nxc3 21. bxc3 Ra1 22. Rf1 Ra8 23. Rxc7 Bf8 24. Rb7 a5 25. Bb2 Ra4 26. f4 Rc4 27. Kf2 a4 28. Ke3 a3 29. Ba1 a2 30. Kd3 Rca4 31. Rf2 f5 32. Rfb2 Rc8 33. R2b6 Ra3 34. Rb3 Ra4 35. exf5 exf5 36. Rb8 Rc6 37. R3b6 Rc7 38. R6b7 Rc6 39. Re8 Ra3 40. Rbb8 Rcxc3+ 41. Bxc3 h6 42. Rxf8+ Kh7 43. Kc2 Rxc3+ 44. Kb2 1-0

[Event "Tehran Alborz op 1st"]
[Site "Tehran"]
[Date "2014.03.07"]
[Round "3"]
[White "Golizadeh, Asghar"]
[Black "Sakhayi, Mostafa"]
[Result "1-0"]
[WhiteElo "2508"]
[BlackElo "2152"]
[PlyCount "135"]
[EventDate "2014.03.06"]
[EventType "swiss"]
[EventRounds "11"]
[EventCountry "IRI"]
[SourceTitle "CBM 159 Extra"]
[Source "ChessBase"]
[SourceDate "2014.04.24"]
[SourceVersion "1"]
[SourceVersionDate "2014.04.24"]
[SourceQuality "1"]

1. e4 c5 2. Nc3 d6 3. Nf3 Nf6 4. d4 cxd4 5. Nxd4 a6 6. Be2 e5 7. Nb3 Be7 8. Be3 Be6 9. 0-0 Nbd7 10. a4 Rc8 11. a5 Rxc3 12. bxc3 Nxe4 13. Qd3 f5 14. f3 Nef6 15. c4 0-0 16. Rfb1 Qc7 17. Kh1 Rc8 18. Nd2 Qc6 19. Qb3 Rc7 20. Qa4 Qxa4 21. Rxa4 Nb8 22. f4 Nc6 23. Bf3 e4 24. Be2 Nd7 25. Nb3 Nc5 26. Ra2 Bc8 27. Nd4 Kf7 28. c3 g6 29. Kg1 Bd7 30. h3 Rc8 31. Nc2 Rb8 32. Nb4 Rd8 33. Nd5 Bc8 34. Kf2 Bf6 35. Rd1 Bh4+ 36. g3 Be7 37. Nb4 Bd7 38. Nd5 Bc8 39. h4 h5 40. Nb4 Bd7 41. Rb1 Bf6 42. Nd5 Bc8 43. Rd1 Be7 44. Bd4 Be6 45. Ke3 Rb8 46. Rb1 Bd8 47. Nb4 Nxa5 48. Rxa5 Bxa5 49. Nc6 bxc6 50. Rxb8 Bc7 51. Ra8 Bb6 52. Kf2 a5 53. Ke1 Nd3+ 54. Bxd3 Bxd4 55. cxd4 exd3 56. c5 dxc5 57. dxc5 Bc4 58. Rxa5 Ke6 59. Ra7 Kd5 60. Rg7 Kxc5 61. Rxg6 Bd5 62. Rg5 Kd4 63. Rxf5 c5 64. Rxh5 c4 65. Rxd5+ Kxd5 66. h5 Kd4 67. h6 Kc3 68. Kd1 1-0

[Event "IRI-ch"]
[Site "Tabriz"]
[Date "2013.12.04"]
[Round "10"]
[White "Mahdavirad, Mehdi"]
[Black "Sakhayi, Mostafa"]
[Result "1-0"]
[WhiteElo "2294"]
[BlackElo "2122"]
[PlyCount "107"]
[EventDate "2013.11.27"]
[EventType "swiss"]
[EventRounds "11"]
[EventCountry "IRI"]
[SourceTitle "CBM 157 Extra"]
[Source "ChessBase"]
[SourceDate "2013.12.19"]
[SourceVersion "1"]
[SourceVersionDate "2013.12.19"]
[SourceQuality "1"]

1. c4 b6 2. Nf3 Nf6 3. g3 c5 4. Bg2 Bb7 5. Nc3 e6 6. 0-0 Be7 7. d4 cxd4 8. Qxd4 d6 9. Rd1 a6 10. b3 Nbd7 11. Bb2 0-0 12. Ne1 Qc7 13. Rac1 Bxg2 14. Nxg2 Qb7 15. Qe3 Rfe8 16. a4 Rac8 17. Ba3 Nc5 18. Rb1 Bf8 19. Qf3 d5 20. cxd5 exd5 21. Bxc5 Rxc5 22. Nf4 Qc6 23. Nfxd5 Nxd5 24. Nxd5 Rc2 25. e3 a5 26. Kg2 b5 27. Rd4 Rb8 28. Rb2 bxa4 29. Rxc2 Qxc2 30. bxa4 h6 31. Rf4 Qg6 32. Nf6+ gxf6 33. Rg4 Kg7 34. Qf5 Bb4 35. h4 Re8 36. h5 Qxg4 37. Qxg4+ Kh7 38. e4 Re7 39. Qf5+ Kg7 40. f4 Re6 41. Kf3 Re7 42. g4 Re6 43. Ke3 Be1 44. Qb5 Bb4 45. Qf5 Be1 46. g5 fxg5 47. fxg5 hxg5 48. Qxg5+ Kh7 49. Qf5+ Kg7 50. Qg4+ Kh7 51. Qf3 Kg7 52. Qg2+ Kf8 53. Qg5 Bb4 54. h6 1-0

[Event "IRI-ch"]
[Site "Tabriz"]
[Date "2013.12.03"]
[Round "9"]
[White "Sakhayi, Mostafa"]
[Black "Hosseinipour, Mehdi"]
[Result "1-0"]
[WhiteElo "2122"]
[BlackElo "2281"]
[PlyCount "105"]
[EventDate "2013.11.27"]
[EventType "swiss"]
[EventRounds "11"]
[EventCountry "IRI"]
[SourceTitle "CBM 157 Extra"]
[Source "ChessBase"]
[SourceDate "2013.12.19"]
[SourceVersion "1"]
[SourceVersionDate "2013.12.19"]
[SourceQuality "1"]

1. c4 Nf6 2. g3 e6 3. Bg2 c5 4. Nf3 Be7 5. 0-0 0-0 6. Nc3 a6 7. b3 Qc7 8. Bb2 b6 9. d4 cxd4 10. Nxd4 Bb7 11. e4 d6 12. Re1 Nbd7 13. Qe2 Rfe8 14. Rad1 Bf8 15. Kh1 Rad8 16. f4 e5 17. fxe5 Nxe5 18. Nd5 Nxd5 19. exd5 Bc8 20. h3 g6 21. Qf2 Qc5 22. Rf1 Bg7 23. Nc6 Qxf2 24. Rxf2 Rd7 25. a4 Rb7 26. Ba3 Rd7 27. a5 bxa5 28. Nxa5 Bf8 29. b4 Rc7 30. c5 Bf5 31. c6 Rb8 32. g4 Bd3 33. Bf1 Bxf1 34. Rfxf1 Kg7 35. Bb2 Re8 36. g5 h6 37. h4 hxg5 38. hxg5 Kg8 39. Rf4 Be7 40. Bxe5 dxe5 41. Rc4 Rd8 42. Nb7 Rdc8 43. d6 Bxd6 44. Rxd6 Kf8 45. Nc5 Ke7 46. Rd7+ Rxd7 47. cxd7 Rh8+ 48. Kg2 Rh5 49. Rg4 Rh8 50. Kf3 Rh3+ 51. Ke4 a5 52. bxa5 Rc3 53. Kd5 1-0

[Event "IRI-ch"]
[Site "Tabriz"]
[Date "2013.12.01"]
[Round "6"]
[White "Galehdari, Bardia"]
[Black "Sakhayi, Mostafa"]
[Result "1/2-1/2"]
[WhiteElo "2227"]
[BlackElo "2122"]
[PlyCount "98"]
[EventDate "2013.11.27"]
[EventType "swiss"]
[EventRounds "11"]
[EventCountry "IRI"]
[SourceTitle "CBM 157 Extra"]
[Source "ChessBase"]
[SourceDate "2013.12.19"]
[SourceVersion "1"]
[SourceVersionDate "2013.12.19"]
[SourceQuality "1"]

1. e4 e5 2. Nf3 Nc6 3. Bb5 a6 4. Ba4 Nf6 5. 0-0 Be7 6. Qe2 b5 7. Bb3 0-0 8. c3 d5 9. d3 Re8 10. Bg5 Be6 11. Nbd2 Nh5 12. Bxe7 Rxe7 13. Qe3 Na5 14. Nxe5 dxe4 15. dxe4 Qe8 16. Nd3 Nc4 17. Bxc4 Bxc4 18. Nxc4 Rxe4 19. Qf3 bxc4 20. Nc5 Re5 21. Nd7 Re7 22. Nc5 Re5 23. Nd7 Re7 24. Qxh5 Qxd7 25. Qc5 Re2 26. Rad1 Qe6 27. Qxc7 g6 28. Qb7 Re8 29. g3 Re7 30. Rd8+ Kg7 31. Qb8 Re8 32. Rxe8 Qxe8 33. Qb6 Qe6 34. Qd4+ Qf6 35. b3 Rxa2 36. bxc4 Rc2 37. Qxf6+ Kxf6 38. Ra1 Rxc3 39. Rxa6+ Ke5 40. Ra7 f5 41. Rc7 g5 42. Kg2 h5 43. c5 h4 44. c6 hxg3 45. hxg3 g4 46. Kf1 Kd6 47. Rf7 Ke6 48. Rc7 Kd6 49. Rd7+ Ke6 1/2-1/2

[Event "IRI-ch"]
[Site "Tabriz"]
[Date "2013.11.30"]
[Round "5"]
[White "Asnaashari, Soheyl"]
[Black "Sakhayi, Mostafa"]
[Result "0-1"]
[WhiteElo "2149"]
[BlackElo "2122"]
[PlyCount "64"]
[EventDate "2013.11.27"]
[EventType "swiss"]
[EventRounds "11"]
[EventCountry "IRI"]
[SourceTitle "CBM 157 Extra"]
[Source "ChessBase"]
[SourceDate "2013.12.19"]
[SourceVersion "1"]
[SourceVersionDate "2013.12.19"]
[SourceQuality "1"]

1. d4 Nf6 2. c4 e6 3. Nf3 b6 4. a3 Bb7 5. Nbd2 c5 6. e3 Be7 7. Bd3 0-0 8. 0-0 cxd4 9. exd4 d5 10. b3 Nc6 11. Bb2 Rc8 12. Rc1 Re8 13. c5 a5 14. Rc2 Nd7 15. Qc1 Bf6 16. Bb5 bxc5 17. dxc5 e5 18. Rd1 e4 19. Bxc6 Bxb2 20. Qxb2 Rxc6 21. Nd4 Rxc5 22. Rdc1 Rxc2 23. Rxc2 Ne5 24. Qc3 Qf6 25. Nb5 h6 26. Nc7 Rd8 27. Qxa5 d4 28. Nf1 e3 29. fxe3 dxe3 30. Nxe3 Ng4 31. Nf1 Qd4+ 32. Kh1 Nf2+ 0-1